| 000 | 00727nam a2200121Ia 4500 | ||
|---|---|---|---|
| 008 | 220620s9999||||xx |||||||||||||| ||und|| | ||
| 100 | _aBerto, Francesco||Jago, Mark | ||
| 245 | 0 | _aImpossible Worlds | |
| 546 | _aEnglish[eng] | ||
| 650 | _aHyperintensionality||Impossible worlds||Metaphysics||Epistemic logic||Logical omniscience||Imagination||Information||Non-classical logic||Fiction||Counterpossible reasoning | ||
| 856 | _uhttps://library.oapen.org/bitstream/20.500.12657/25055/1/9780198812791_Impossible%20Worlds.pdf||https://library.oapen.org/bitstream/20.500.12657/25055/1/9780198812791_Impossible%20Worlds.pdf||https://library.oapen.org/bitstream/20.500.12657/25055/1/9780198812791_Impossible%20Worlds.pdf | ||
| 942 | _cEB | ||
| 999 |
_c31702 _d31702 |
||